000 00344nam a22001457a 4500
003 OSt
005 20160727222353.0
008 160622b xxu||||| |||| 00| 0 eng d
040 _cTEST
100 _9466
_aCrichton, M,
245 _aEaters of the Dead
260 _aN.Y
_b Bullantine Books
_c1976
300 _aEaters of the Dead
942 _2ddc
_cBK
999 _c383
_d383